000
00216nam a22000977a 4500
999
_c
263493
_d
263492
020
_a
0380709538
100
_a
Beverly Cleary
245
_a
Runaway Ralph
260
_a
New York
_b
HarperTrophy,
_c
1970
942
_c
BK